Projeto araribá (Record no. 76033)

MARC details
000 -LÍDER
campo de controle de tamanho fixo 00321 a2200145 4500
001 - NÚMERO DE CONTROLE
campo de controle 76033
020 ## - ISBN - INTERNATIONAL STANDARD BOOK NUMBER
ISBN - International Standard Book Number 978-85-16-06842-4
040 ## - FONTE DA CATALOGAÇÃO
Instituição que transcreveu o registro Anchieta - Colégio São Paulo
240 10 - TÍTULO UNIFORME
Título uniforme Projeto araribá
Idioma da obra por
245 10 - TÍTULO
Título Projeto araribá
300 ## - DESCRIÇÃO FÍSICA
Extensão 240
362 0# - DATAS DE PUBLICAÇÃO E/OU DESIGNAÇÃO SEQUENCIAL
Datas de publicação e/ou designação sequencial 2011
650 #4 - ASSUNTO--TERMO TÓPICO
Cabeçalho tópico ou nome geográfico Geografia e viagens
942 ## - ELEMENTOS DE ENTRADA ADICIONADOS (KOHA)
Tipo de material Koha Livros
Holdings
Situação do descarte Situação das perdas Situação física Não pode ser emprestado Biblioteca de origem Biblioteca atual Data de aquisição Total de empréstimos Número de chamada completo Código de barras Data de último acesso Data do preço efetivo Tipo de material Koha
        Colégio São Paulo Colégio São Paulo 22/11/2023   910 P963 8208/CSP 22/11/2023 22/11/2023 Livros